00562nam a2200169 a 450000500170000000800410001702000180005805000220007610000140009824500310011226000350014330000130017844000510019152001110024265000210035365000180037420140412111429.0090710s19uu xx 00 eng d a0-375-80033-6 aTR(PS EbEy2 1999 aDr. Seuss aThe Eye book /cDr. Seuss. aCanada :bRandom house,c1999. a1v. unp. aBright and early books for beginning beginners aA boy and a rabbit both have two eyes that see all kinds of things, from blue to read to a bird and a bed. aVision - fiction aEye - fiction